00874 2200301 4500001002100000005001500021035002000036007000300056008004100059020002200100082001500122084001700137100003000154245006300184250003000247300002500277650003000302700002000332264004600352336002100398337003000419338002300449040002200472090002200494850001200516999002200528990002200550INLIS00000000087986120230710113647 a0010-0723000232ta230710b2016 xx g j ind d a978-602-6380-28-904223a808.83 a808.83 NOE p0 aNoe R NoegrohoePengarang10aPetualangan hantu gokil /cNoe R Noegroho; penyunting, Mia aCetakan pertama, Mei 2016 a224 halaman ;c20 cm04aCerita Pendek--xKumpulan0 aMiaePenyunting31aYogyakarta :bAnak Hebat Indonesia,c2016 2rdacontentateks 2rdamediaatanpa perantara 2rdacarrieravolume aYOPDYOGbinderda aCB-D.11 2016-3079 aYOPDYOG aCB-D.11/2016-3079 aCB-D.11/2016-3079